000 00493nam a2200181Ia 4500
008 151202s9999||||xx |||||||||||||| ||und||
082 _bPNVM-51046
100 _aलागू चिंतामणी.
245 _aव्हीनस.
260 _b---
260 _c51046
300 _a0
600 _aलागू चिंतामणी.
630 _aव्हीनस.
700 _aलागू चिंतामणी.
730 _aव्हीनस.
942 _cBOOK
999 _c1317587
_d1317584